| 000 -CABECERA |
| Longitud fija campo de control |
00573nam a2200205 a 4500 |
| 001 - NÚMERO DE CONTROL |
| Número de control |
2292 |
| 003 - IDENTIFICADOR DEL NÚMERO DE CONTROL |
| Identificador del número de control |
CDMR |
| 005 - FECHA Y HORA DE LA ÚLTIMA TRANSACCIÓN |
| Fecha y hora de la última transacción |
20131121122724.0 |
| 008 - CÓDIGOS DE INFORMACIÓN DE LONGITUD FIJA |
| Códigos de información de longitud fija |
130130s1967||||||||||||||||||||||||||||d |
| 040 ## - FUENTE DE LA CATALOGACIÓN |
| Centro catalogador de origen |
CDMR |
| Lengua de catalogación |
cat |
| Centro transcriptor |
CDMR |
| 100 1# - PUNTO DE ACCESO PRINCIPAL-NOMBRE DE PERSONA |
| Nombre de persona |
Mota, Ignacio Hilario de la |
| 9 (RLIN) |
570 |
| 245 13 - MENCIÓN DE TÍTULO |
| Título |
La publicidad, un arma política |
| Mención de responsabilidad, etc. |
Ignacio H. de la Mota |
| 260 ## - PUBLICACIÓN, DISTRIBUCIÓN, ETC. (PIE DE IMPRENTA) |
| Lugar de publicación, distribución, etc. |
Madrid |
| Fecha de publicación, distribución, etc. |
1967 |
| Nombre del editor, distribuidor, etc. |
Torroba |
| 300 ## - DESCRIPCIÓN FÍSICA |
| Extensión |
186 p. |
| 490 0# - MENCIÓN DE SERIE |
| Mención de serie |
Guia de los Medios |
| 650 04 - PUNTO DE ACCESO ADICIONAL DE MATERIA - TÉRMINO DE MATERIA |
| 9 (RLIN) |
3177 |
| Término de materia o nombre geográfico como elemento inicial |
Propaganda |
| 650 04 - PUNTO DE ACCESO ADICIONAL DE MATERIA - TÉRMINO DE MATERIA |
| 9 (RLIN) |
4372 |
| Término de materia o nombre geográfico como elemento inicial |
Publicitat |
| Subdivisión de materia general |
Aspectes polítics |
| 650 04 - PUNTO DE ACCESO ADICIONAL DE MATERIA - TÉRMINO DE MATERIA |
| 9 (RLIN) |
4363 |
| Término de materia o nombre geográfico como elemento inicial |
Campanyes electorals |
| 942 ## - ENTRADA DE ELEMENTOS AGREGADOS (KOHA) |
| Koha [por defecto] tipo de item |
Monografies |
| Fuente de clasificaión o esquema |
|